Zvýšenie efektívnosti výroby súčiastok na CNC strojoch

Guardado en:
Detalles Bibliográficos
Autor principal: Trnavský, Jaroslav, 1967- (Autor)
Otros Autores: Halgoš, Miloš, 1974- (Orientador)
Formato: Manuscrito Libro
Lenguaje:eslovaco
Publicado: Trnava : STU v Bratislave MTF UVTE, 2013
Materias:
Acceso en línea:VAIS
Etiquetas: Agregar Etiqueta
Sin Etiquetas, Sea el primero en etiquetar este registro!

MARC

LEADER 00000ntm a22000003a 4500
001 stu269813
005 20150617230249.0
008 130703s2013----xo------------------slo-d
040 |a STU  |b slo 
041 0 |a slo 
044 |a xo 
100 1 |a Trnavský, Jaroslav,  |d 1967-  |4 aut  |u M  |T MTF Materiálovotechnologická fakulta  |X 6873  |U M  |Y 60  |7 A000006873 
242 0 0 |a Enhancing the efficiency of production of component parts with the use of CNC machines  |y eng 
245 1 |a Zvýšenie efektívnosti výroby súčiastok na CNC strojoch 
260 |a Trnava :  |b STU v Bratislave MTF UVTE,  |c 2013 
650 7 |a počítačová podpora výrobných technológií  |2 stusub 
650 7 |a Computer-Aided Production Technologies  |2 estusub 
650 7 |a efektívnosť výroby  |2 stusub 
700 1 |a Halgoš, Miloš,  |d 1974-  |4 ths  |X 70975  |7 A000070975 
856 4 |a info a plný text  |u http://is.stuba.sk/zp/portal_zp.pl?podrobnosti=104497  |3 VAIS 
996 |c M*BP-6240  |l MMSKP  |s P  |a 0  |w stu269813_0001